World class supply management (Record no. 99328)

MARC details
000 -LEADER
fixed length control field 00560nam a2200193Ia 4500
008 - FIXED-LENGTH DATA ELEMENTS--GENERAL INFORMATION
fixed length control field 191130s2003##################000#0#eng##
020 ## - INTERNATIONAL STANDARD BOOK NUMBER
ISBN 9780072831566
082 ## - DEWEY DECIMAL CLASSIFICATION NUMBER
Classification number 658.7 BUR
100 ## - MAIN ENTRY--AUTHOR NAME
Personal name Burt, David N
245 ## - TITLE STATEMENT
Title World class supply management
Statement of responsibility, etc David N. Burt, Donald W. Dobler, Stephen Starling
260 ## - PUBLICATION, DISTRIBUTION, ETC. (IMPRINT)
Place of publication New York
Name of publisher McGraw-Hill Irwin
Year of publication c2003
300 ## - PHYSICAL DESCRIPTION
Number of Pages xlvi, 689p. ill. ; 24cm
500 ## - GENERAL NOTE
General note Includes index
650 ## - SUBJECT ADDED ENTRY--TOPICAL TERM
Topical Term Management
991 ## -
-- 114006
Holdings
Withdrawn status Lost status Damaged status Not for loan Home library Current library Shelving location Date acquired Full call number Accession Number Price effective from Koha item type
        Anna Centenary Library Anna Centenary Library 6TH FLOOR, B WING 09.10.2020 658.7 BUR 490042 09.10.2020 English Books

Find us on the map